Statistic for Business and Economics : Using Microsoft Excel & Powered by IBM-SPSS (Record no. 12653)

MARC details
000 -LEADER
fixed length control field 00442nam a22001697a 4500
003 - CONTROL NUMBER IDENTIFIER
control field OSt
008 - FIXED-LENGTH DATA ELEMENTS--GENERAL INFORMATION
fixed length control field 240507b |||||||| |||| 00| 0 eng d
020 ## - INTERNATIONAL STANDARD BOOK NUMBER
International Standard Book Number 9789354246326
082 ## - DEWEY DECIMAL CLASSIFICATION NUMBER
Classification number 519.5 SHS
100 ## - MAIN ENTRY--PERSONAL NAME
Personal name SHARMA, Seema
245 ## - TITLE STATEMENT
Title Statistic for Business and Economics : Using Microsoft Excel & Powered by IBM-SPSS
250 ## - EDITION STATEMENT
Edition statement 3rd. ed.
260 ## - PUBLICATION, DISTRIBUTION, ETC. (IMPRINT)
Place of publication, distribution, etc New Delhi,
Name of publisher, distributor, etc Wiley,
Date of publication, distribution, etc 2022
300 ## - PHYSICAL DESCRIPTION
Extent 526 p.
650 ## - SUBJECT ADDED ENTRY--TOPICAL TERM
Topical term or geographic name as entry element MBA
942 ## - ADDED ENTRY ELEMENTS (KOHA)
Source of classification or shelving scheme Dewey Decimal Classification
Koha item type Text Books
Holdings
Withdrawn status Lost status Source of classification or shelving scheme Damaged status Not for loan Collection code Home library Current library Date acquired Currency Cost, normal purchase price Bill Number Total Checkouts Full call number Acc. no. / Barcode Date last seen Actual Cost, discounted price Bill Date Koha item type Date last borrowed
    Dewey Decimal Classification     MBA PIET C-LIBRARY PIET C-LIBRARY 06/04/2024 In Rupees 939.00 ZBD0007   519.5 SHS 37191 07/05/2024 680.78 06/04/2024 Reference Books  
    Dewey Decimal Classification     MBA PIET C-LIBRARY PIET C-LIBRARY 06/04/2024 In Rupees 939.00 ZBD0007 1 519.5 SHS 37192 23/12/2025 680.78 06/04/2024 Text Books 06/08/2024

Design & Developed by: PIET Central Library
R70 Miles Stone Pattikalyana Samalkha Panipat 132102
mail ID :- [email protected], Phone No:- 0180-2569700 Ex.216